Příliš silný kafe

Saved in:
Bibliographic Details
Main Author Robert, Krystall
Format Electronic eBook
LanguageCzech
Published Golden Dog 2025
Edition1. elektronické vydání
Subjects
Online AccessDostupné v BOOKPORT po přihlášení pomocí eduID
ISBN978-80-7711-001-3
978-80-7711-002-0
978-80-7711-000-6
Physical Description1 online zdroj (208 stran)

Cover

LEADER 00000nam a2200000 i 4500
001 bkp852007670
003 CZ-prgp
005 20260413161219.0
006 m o d
007 cr cn
008 260413s2025 xr o 000 1 cze
020 |a 978-80-7711-001-3  |c 199 Kč  |q (online ; pdf) 
020 |a 978-80-7711-002-0  |c 199 Kč  |q (online ; epub) 
020 |a 978-80-7711-000-6  |c 249 Kč  |q (print) 
040 |a Grada  |b cze  |e rda 
100 1 |a Robert, Krystall 
245 1 0 |a Příliš silný kafe  |c Krystall Robert 
250 |a 1. elektronické vydání 
264 1 |b Golden Dog  |c 2025 
300 |a 1 online zdroj (208 stran) 
336 |a text  |b txt  |2 rdacontent 
337 |a počítač  |b c  |2 rdamedia 
338 |a online zdroj  |b cr  |2 rdacarrier 
520 3 |a Albert se neumí učesat. Ve své rodině je vyvrhelem, protože jako jediný netrpí alopecií. V práci se mu taky dvakrát nedaří. Když sehnal prestižní zaměstnání ve firmě zaměřené na komunikaci s mimozemšťany, tak nepočítal s tím, že díky diagnostikované skleróze svého šéfa se po velmi krátké době z IT odborníka, stane pouhým služebníkem kávovaru jménem Nancy. Posledním místem, kde nachází útěchu, je bar, ale i tady ho Nancy pronásleduje. Veškeré osobní problémy se ve srovnání s vraždou a hrůznou konspirací stanou nepodstatné. Dokáže Albert odhalit vraha a očistit si jméno i za cenu toho, že si sám ušpiní ruce? 
650 0 4 |a Sci-fi, fantasy 
856 4 0 |u https://www.bookport.cz/AccountSaml/SignIn/?idp=https://shibboleth.utb.cz/idp/shibboleth&returnUrl=/kniha/prilis-silny-kafe-15968/  |y Dostupné v BOOKPORT po přihlášení pomocí eduID